000 00779nam a2200205 a 4500
001 000044956
005 20201002045747.0
008 150122s2012 dr a 000 0 spa d
020 _a9789945131536
040 _aDO-SdBNP
_bspa
_cBNPHU
082 _axxxx
_bxxxx
100 1 _aDonescar, Louis
_972972
245 1 0 _aGlosario servir /
_cLouis Donescar ; ilustración Domingo A. Guzmán.
260 _aSanto Domingo :
_bFUNBINAFIN,
_c2012.
300 _a154 p. :
_bil. ;
_c28 cm.
500 _aLa biblioteca posee 1 ejemplar autografiado por el autor.
500 _aNotas: Texto en Kreyol, Español, Francés e Inglés.
700 1 2 _aGuzmán, Domingo A.,
_eil.
_972973
710 2 2 _aFundación Binacional de Ayuda a la Familia y la Infancia (FUNBINAFIN), República Dominicana
_972974
999 _c44445
_d44445